000 01495cam a2200469 4500
001 84463
005 20230410142316.0
008 730817m20049999is a b 000 0 eng
035 _9(DLC) 72012180
035 _a3605493
010 _a 72012180
020 _a0827600046
040 _aDLC
_cDLC
_dDLC
041 1 _aengheb
043 _aa-is---
050 1 4 _aBM 530
_bV762l 2004
082 0 0 _a398.2/095694
100 1 _aVilnay, Zev,
_d1900-
245 1 0 _aLegends of the holy land /
_cZev Vilnay.
250 _a[1st ed.]
260 _aJerusalem :
_bSefer Ve Sefel Publishing,
_c2004-.
300 _av. [1-3]. :
_bill. ;
_c22 cm.
350 _a$6.95
490 0 _aHis The Sacred Land
500 _aTitle on t.p. verso: Legends of the Holy-Land.
504 _a"The ancient sources": p. [309]-313; "Sources of the legends": p. [315]-338.
505 0 _av.1: Legends of Jerusalem.-- v.2: Legends of Judea & Samaria. -- v.3: Legends of Galilee & Jordan & Sinai.
650 0 _aLegends
_zJerusalem.
650 0 _aLegends, Jewish.
650 0 _aTales
_zJerusalem.
650 0 _aJews
_xFolklore.
650 0 _aJewish folk literature.
650 0 _aJewish legends.
650 0 _aIslamic legends.
740 1 _aLegends of Jerusalem
740 1 _aLegends of Judea & Samaria
740 1 _aLegends of Galilee & Jordan & Sinai.
800 1 _aVilnay, Zev,
_d1900-
_tAgadot Erets-Yisrael.
_lEnglish ;
_vv. 1.
942 _2lcc
_cbk
946 _amm
985 _abe01 12-11-84
999 _c93260
_d93260